| 000 | 00454cam a2200169ua 4500 | ||
|---|---|---|---|
| 020 | _c1.00 | ||
| 041 |
_amal _h |
||
| 082 |
_a894.8122 _bPAD/AG |
||
| 100 | _aPadmanabha pillai, Kainikkara . | ||
| 245 |
_aAgnipanjaram / _cKainikkara Padmanabha pillai. _hTextual Documents |
||
| 260 |
_aKottayam : _bSahitya Pravarthaka Co-operative Society , _c1956. |
||
| 300 | _a112 ; . | ||
| 365 | _a1.00 | ||
| 504 | _a | ||
| 942 | _cBK | ||
| 999 |
_c1172 _d1172 |
||